Forest management; ការរៀបចំព្រៃឈើ (Record no. 8838)

000 -LEADER
fixed length control field 00245nam a22000977a 4500
040 ## - CATALOGING SOURCE
Transcribing agency SK
082 ## - DEWEY DECIMAL CLASSIFICATION NUMBER
Classification number 634
100 ## - MAIN ENTRY--AUTHOR NAME
Personal name VON MONIN; វន មនិន្ទ
245 ## - TITLE STATEMENT
Title Forest management; ការរៀបចំព្រៃឈើ
942 ## - ADDED ENTRY ELEMENTS (KOHA)
Koha item type ADB

No items available.

មជ្ឈមណ្ឌលឯការនៃសាកលវិទ្យាល័យភូមិន្ទកសិកម្មចំការដូង

Powered by Koha